00683nam a2200157Ia 4500008004100000100002700041245011700068245010000185260005300285260000900338300001000347650001500357856006100372999001900433952007300452170221s9999 xx 000 0 und d aDinmukhamed Kelesbayev 2aA Case Study for Using the Quality Function Deployment Method as a Quality Improvement Tool in the Universities  cDinmukhamed Kelesbayev, Kuatbek Kalykulov, Yermek Yertayev, Altynay Turlybekova, Akhmet Kamalov bInternational Review of Management and Marketing c2014 a9 : 1 xMarketing. uhttp://www.econjournals.com/index.php/irmm/issue/view/82 c313773d313773 001040aCLbCLd2017-02-21l0r2017-02-21 00:00:00w2017-02-21yFOJ